[Event "DEM U18w 2025"]
[Site "Willingen GER"]
[Date "2025.06.13"]
[Round "8"]
[White "Czäczine, Laura"]
[Black "Schirmer, Sara"]
[Result "1-0"]
[Termination "normal"]
[Board "11"]
[WhiteElo "1903"]
[BlackElo "1630"]
[WhiteClock "00:05:16"]
[BlackClock "00:05:27"]
[PlyCount "115"]
[WhiteFideId "16211448"]
[BlackFideId "16297580"]
[EventCountry "GER"]
[EventRounds "9"]
[EventType "swiss"]
[EventDate "2025.06.07"]

1. e4 {[%clk 01:30:59]} c5 {[%clk 01:30:56]} {[%emt 00:00:05]} 2. Nf3 {[%clk
01:31:24]} {[%emt 00:00:04]} Nc6 {[%clk 01:31:21]} {[%emt 00:00:06]} 3. d4
{[%clk 01:31:47]} {[%emt 00:00:07]} cxd4 {[%clk 01:31:46]} {[%emt 00:00:05]} 4.
Nxd4 {[%clk 01:32:13]} {[%emt 00:00:03]} g6 {[%clk 01:32:07]} {[%emt 00:00:09]}
5. c4 {[%clk 01:32:25]} {[%emt 00:00:19]} Bg7 {[%clk 01:32:03]} {[%emt
00:00:33]} 6. Be3 {[%clk 01:32:46]} {[%emt 00:00:09]} Nf6 {[%clk 01:32:10]}
{[%emt 00:00:23]} 7. Nc3 {[%clk 01:33:03]} {[%emt 00:00:13]} d6 {[%clk
01:31:21]} {[%emt 00:01:20]} 8. Be2 {[%clk 01:32:20]} {[%emt 00:01:13]} O-O
{[%clk 01:31:10]} {[%emt 00:00:40]} 9. O-O {[%clk 01:31:10]} {[%emt 00:01:40]}
Nxd4 {[%clk 01:29:13]} {[%emt 00:02:27]} 10. Bxd4 {[%clk 01:31:28]} {[%emt
00:00:12]} Be6 {[%clk 01:29:33]} {[%emt 00:00:10]} 11. Rc1 {[%clk 01:27:31]}
{[%emt 00:04:26]} a6 {[%clk 01:26:09]} {[%emt 00:03:56]} 12. b3 {[%clk
01:22:56]} {[%emt 00:05:04]} Nd7 {[%clk 01:25:03]} {[%emt 00:01:36]} 13. Bxg7
{[%clk 01:09:41]} {[%emt 00:13:45]} Kxg7 {[%clk 01:23:57]} {[%emt 00:01:36]}
14. f4 {[%clk 01:07:15]} {[%emt 00:02:56]} f6 {[%clk 01:15:09]} {[%emt
00:09:17]} 15. Nd5 {[%clk 00:50:45]} {[%emt 00:17:01]} Rc8 {[%clk 01:08:32]}
{[%emt 00:07:07]} 16. Kh1 {[%clk 00:48:09]} {[%emt 00:03:06]} Nc5 {[%clk
01:01:15]} {[%emt 00:07:47]} 17. Qd4 {[%clk 00:41:52]} {[%emt 00:06:45]} Bg8
{[%clk 00:52:38]} {[%emt 00:09:07]} 18. e5 {[%clk 00:36:13]} {[%emt 00:06:11]}
Bxd5 {[%clk 00:41:04]} {[%emt 00:12:04]} 19. exf6+ {[%clk 00:34:36]} {[%emt
00:02:07]} Rxf6 {[%clk 00:40:59]} {[%emt 00:00:35]} 20. cxd5 {[%clk 00:32:36]}
{[%emt 00:02:30]} Kg8 {[%clk 00:39:54]} {[%emt 00:01:34]} 21. Bg4 {[%clk
00:28:44]} {[%emt 00:04:22]} Rc7 {[%clk 00:35:00]} {[%emt 00:05:26]} 22. Qc4
{[%clk 00:20:51]} {[%emt 00:08:20]} a5 {[%clk 00:32:54]} {[%emt 00:02:38]} 23.
Qb5 {[%clk 00:19:39]} {[%emt 00:01:42]} b6 {[%clk 00:17:16]} {[%emt 00:16:09]}
24. a3 {[%clk 00:16:26]} {[%emt 00:03:42]} Ne4 {[%clk 00:10:10]} {[%emt
00:07:35]} 25. Be6+ {[%clk 00:12:06]} {[%emt 00:04:51]} Kg7 {[%clk 00:10:26]}
{[%emt 00:00:13]} 26. Rce1 {[%clk 00:08:37]} {[%emt 00:03:57]} Nc5 {[%clk
00:09:34]} {[%emt 00:01:25]} 27. Bh3 {[%clk 00:07:08]} {[%emt 00:01:55]} Rb7
{[%clk 00:08:35]} {[%emt 00:01:33]} 28. b4 {[%clk 00:05:51]} {[%emt 00:01:47]}
axb4 {[%clk 00:08:32]} {[%emt 00:00:33]} 29. axb4 {[%clk 00:06:15]} {[%emt
00:00:05]} Nd7 {[%clk 00:08:34]} {[%emt 00:00:28]} 30. Qc6 {[%clk 00:04:53]}
{[%emt 00:01:51]} Ra7 {[%clk 00:07:53]} {[%emt 00:01:11]} 31. Bxd7 {[%clk
00:04:14]} {[%emt 00:01:12]} Rxd7 {[%clk 00:08:13]} {[%emt 00:00:09]} 32. Qc3
{[%clk 00:04:05]} {[%emt 00:00:38]} Kg8 {[%clk 00:07:08]} {[%emt 00:01:35]} 33.
Qg3 {[%clk 00:03:29]} {[%emt 00:01:03]} Qf8 {[%clk 00:06:25]} {[%emt 00:01:16]}
34. Qe3 {[%clk 00:02:28]} {[%emt 00:01:29]} Rb7 {[%clk 00:06:28]} {[%emt
00:00:30]} 35. Qe4 {[%clk 00:02:13]} {[%emt 00:00:42]} b5 {[%clk 00:04:25]}
{[%emt 00:02:36]} 36. Rc1 {[%clk 00:02:08]} {[%emt 00:00:32]} Qd8 {[%clk
00:02:48]} {[%emt 00:02:10]} 37. f5 {[%clk 00:01:44]} {[%emt 00:00:54]} Qf8
{[%clk 00:02:54]} {[%emt 00:00:24]} 38. g4 {[%clk 00:01:16]} {[%emt 00:00:58]}
Rd7 {[%clk 00:01:43]} {[%emt 00:01:40]} 39. Kg2 {[%clk 00:01:29]} gxf5 {[%clk
00:01:46]} {[%emt 00:00:45]} 40. gxf5 {[%clk 00:01:28]} Qg7+ {[%clk 00:01:53]}
{[%emt 00:00:54]} 41. Kh1 {[%clk 00:01:30]} {[%emt 00:00:28]} Kh8 {[%clk
00:25:05]} {[%emt 00:07:18]} 42. Qd3 {[%clk 00:18:40]} {[%emt 00:13:17]} Qf8
{[%clk 00:13:49]} {[%emt 00:11:49]} 43. Rc2 {[%clk 00:13:48]} {[%emt 00:05:22]}
Rd8 {[%clk 00:13:12]} {[%emt 00:01:07]} 44. Rg2 {[%clk 00:10:59]} {[%emt
00:03:17]} Qf7 {[%clk 00:08:38]} {[%emt 00:05:05]} 45. Qe4 {[%clk 00:09:09]}
{[%emt 00:02:18]} Rg8 {[%clk 00:07:50]} {[%emt 00:01:21]} 46. Re2 {[%clk
00:07:37]} {[%emt 00:01:57]} Rf8 {[%clk 00:05:37]} {[%emt 00:02:48]} 47. Ref2
{[%clk 00:07:10]} {[%emt 00:00:54]} Rg8 {[%clk 00:05:17]} {[%emt 00:00:52]} 48.
Qd3 {[%clk 00:06:49]} {[%emt 00:00:47]} Qe8 {[%clk 00:05:00]} {[%emt 00:00:52]}
49. Qd4 {[%clk 00:06:19]} {[%emt 00:00:55]} h6 {[%clk 00:05:01]} {[%emt
00:00:34]} 50. Rf3 {[%clk 00:05:46]} {[%emt 00:01:00]} Kh7 {[%clk 00:05:08]}
{[%emt 00:00:26]} 51. Qe3 {[%clk 00:05:45]} {[%emt 00:00:27]} Qf7 {[%clk
00:05:08]} {[%emt 00:00:32]} 52. Qe4 {[%clk 00:05:32]} {[%emt 00:00:41]} Rg5
{[%clk 00:05:13]} {[%emt 00:00:28]} 53. Qd3 {[%clk 00:05:14]} {[%emt 00:00:46]}
Qe8 {[%clk 00:05:21]} {[%emt 00:00:24]} 54. Rh3 {[%clk 00:04:47]} {[%emt
00:00:53]} Rh5 {[%clk 00:04:50]} {[%emt 00:01:05]} 55. Rxh5 {[%clk 00:04:40]}
{[%emt 00:00:38]} Qxh5 {[%clk 00:05:16]} {[%emt 00:00:04]} 56. Qxb5 {[%clk
00:04:51]} {[%emt 00:00:19]} Rxf5 {[%clk 00:05:29]} {[%emt 00:00:16]} 57. Qd3
{[%clk 00:05:09]} {[%emt 00:00:09]} Kg6 {[%clk 00:05:27]} {[%emt 00:00:36]} 58.
b5 {[%clk 00:05:16]} {[%emt 00:00:23]} 1-0

[Event "DEM U18w 2025"]
[Site "Willingen GER"]
[Date "2025.06.13"]
[Round "8"]
[White "Gyácsok, Dzvinka"]
[Black "Heuberger, Sandra"]
[Result "1-0"]
[Termination "normal"]
[Board "12"]
[WhiteElo "1689"]
[BlackElo "1550"]
[WhiteClock "00:03:23"]
[BlackClock "00:04:26"]
[PlyCount "76"]
[WhiteFideId "16298292"]
[BlackFideId "16232151"]
[EventCountry "GER"]
[EventRounds "9"]
[EventType "swiss"]
[EventDate "2025.06.07"]

1. e4 {[%clk 01:30:57]} {[%emt 00:00:02]} e5 {[%clk 01:30:43]} {[%emt
00:00:17]} 2. Nf3 {[%clk 01:31:20]} {[%emt 00:00:07]} Nc6 {[%clk 01:30:11]}
{[%emt 00:01:02]} 3. Bc4 {[%clk 01:31:30]} {[%emt 00:00:20]} Bc5 {[%clk
01:28:17]} {[%emt 00:02:24]} 4. c3 {[%clk 01:30:26]} {[%emt 00:01:35]} a6
{[%clk 01:24:12]} {[%emt 00:04:34]} 5. b4 {[%clk 01:26:00]} {[%emt 00:04:55]}
Ba7 {[%clk 01:21:49]} {[%emt 00:02:54]} 6. d3 {[%clk 01:23:09]} {[%emt
00:03:22]} Nge7 {[%clk 01:17:25]} {[%emt 00:04:53]} 7. Ng5 {[%clk 01:12:30]}
{[%emt 00:11:09]} d5 {[%clk 01:12:15]} {[%emt 00:05:41]} 8. exd5 {[%clk
01:09:37]} {[%emt 00:03:23]} Nxd5 {[%clk 01:11:04]} {[%emt 00:01:41]} 9. Qf3
{[%clk 01:03:36]} {[%emt 00:06:31]} Be6 {[%clk 01:07:11]} {[%emt 00:04:23]} 10.
Nxe6 {[%clk 00:58:49]} {[%emt 00:05:16]} fxe6 {[%clk 01:07:23]} {[%emt
00:00:18]} 11. O-O {[%clk 00:57:08]} {[%emt 00:02:10]} Qd7 {[%clk 01:05:44]}
{[%emt 00:02:08]} 12. Bg5 {[%clk 00:53:46]} {[%emt 00:03:54]} h6 {[%clk
01:04:51]} {[%emt 00:01:23]} 13. Bd2 {[%clk 00:47:08]} {[%emt 00:07:07]} O-O-O
{[%clk 01:03:41]} {[%emt 00:01:41]} 14. b5 {[%clk 00:41:56]} {[%emt 00:05:42]}
axb5 {[%clk 01:01:03]} {[%emt 00:03:08]} 15. Bxb5 {[%clk 00:41:27]} {[%emt
00:01:00]} Qd6 {[%clk 00:58:49]} {[%emt 00:02:43]} 16. a4 {[%clk 00:39:28]}
{[%emt 00:02:30]} Na5 {[%clk 00:48:05]} {[%emt 00:11:14]} 17. Na3 {[%clk
00:33:46]} {[%emt 00:06:11]} c6 {[%clk 00:40:54]} {[%emt 00:07:41]} 18. Bc4
{[%clk 00:26:47]} {[%emt 00:07:30]} Bc5 {[%clk 00:37:19]} {[%emt 00:04:03]} 19.
Bxd5 {[%clk 00:22:18]} {[%emt 00:05:00]} exd5 {[%clk 00:36:45]} {[%emt
00:01:04]} 20. Nc2 {[%clk 00:21:57]} {[%emt 00:00:51]} Nb3 {[%clk 00:35:51]}
{[%emt 00:01:24]} 21. Rad1 {[%clk 00:19:58]} {[%emt 00:02:29]} Nxd2 {[%clk
00:36:12]} {[%emt 00:00:10]} 22. Rxd2 {[%clk 00:20:15]} {[%emt 00:00:13]} Rhf8
{[%clk 00:33:08]} {[%emt 00:03:32]} 23. Qg4+ {[%clk 00:19:35]} {[%emt
00:01:11]} Rd7 {[%clk 00:32:59]} {[%emt 00:00:38]} 24. Ne3 {[%clk 00:18:17]}
{[%emt 00:01:50]} Rf4 {[%clk 00:31:02]} {[%emt 00:02:26]} 25. Qe2 {[%clk
00:16:45]} {[%emt 00:02:01]} Rxa4 {[%clk 00:29:44]} {[%emt 00:01:49]} 26. Ra2
{[%clk 00:11:48]} {[%emt 00:05:27]} Rxa2 {[%clk 00:27:07]} {[%emt 00:03:08]}
27. Qxa2 {[%clk 00:11:54]} {[%emt 00:00:23]} Qg6 {[%clk 00:25:16]} {[%emt
00:02:21]} 28. Rb1 {[%clk 00:08:43]} {[%emt 00:03:41]} b5 {[%clk 00:22:24]}
{[%emt 00:03:22]} 29. Qa6+ {[%clk 00:07:44]} {[%emt 00:01:29]} Kd8 {[%clk
00:19:02]} {[%emt 00:03:49]} 30. Rxb5 {[%clk 00:07:29]} {[%emt 00:00:47]} Bd6
{[%clk 00:15:12]} {[%emt 00:04:22]} 31. Qa8+ {[%clk 00:06:58]} {[%emt
00:01:00]} Ke7 {[%clk 00:14:39]} {[%emt 00:01:03]} 32. Qxc6 {[%clk 00:06:11]}
{[%emt 00:01:16]} Qxd3 {[%clk 00:09:25]} {[%emt 00:05:46]} 33. Rxd5 {[%clk
00:04:50]} {[%emt 00:01:50]} Qb1+ {[%clk 00:08:53]} {[%emt 00:01:01]} 34. Rd1
{[%clk 00:04:54]} {[%emt 00:00:26]} Qg6 {[%clk 00:08:01]} {[%emt 00:01:23]} 35.
Nd5+ {[%clk 00:04:24]} {[%emt 00:01:00]} Ke6 {[%clk 00:06:17]} {[%emt
00:02:14]} 36. Ne3 {[%clk 00:04:16]} {[%emt 00:00:38]} Ke7 {[%clk 00:04:15]}
{[%emt 00:02:33]} 37. Nc4 {[%clk 00:03:45]} {[%emt 00:01:00]} Qc2 {[%clk
00:04:24]} {[%emt 00:00:21]} 38. Ne3 {[%clk 00:03:23]} {[%emt 00:00:53]} Qg6
{[%clk 00:04:26]} {[%emt 00:00:28]} 1-0

[Event "DEM U18w 2025"]
[Site "Willingen GER"]
[Date "2025.06.13"]
[Round "8"]
[White "Ottlik, Marie"]
[Black "Loos, Violeta"]
[Result "0-1"]
[Termination "normal"]
[Board "13"]
[WhiteElo "1744"]
[BlackElo "1544"]
[WhiteClock "00:10:47"]
[BlackClock "00:17:16"]
[PlyCount "54"]
[WhiteFideId "16281730"]
[BlackFideId "34605290"]
[EventCountry "GER"]
[EventRounds "9"]
[EventType "swiss"]
[EventDate "2025.06.07"]

1. e4 {[%clk 01:30:57]} {[%emt 00:00:03]} e5 {[%clk 01:30:55]} {[%emt
00:00:05]} 2. Nf3 {[%clk 01:31:21]} {[%emt 00:00:06]} Nf6 {[%clk 01:31:19]}
{[%emt 00:00:08]} 3. Nxe5 {[%clk 01:31:13]} {[%emt 00:00:38]} d6 {[%clk
01:31:39]} {[%emt 00:00:09]} 4. Nf3 {[%clk 01:31:01]} {[%emt 00:00:42]} Nxe4
{[%clk 01:32:01]} {[%emt 00:00:08]} 5. d3 {[%clk 01:29:25]} {[%emt 00:02:06]}
Nf6 {[%clk 01:31:22]} {[%emt 00:01:09]} 6. Be2 {[%clk 01:25:31]} {[%emt
00:04:24]} d5 {[%clk 01:29:28]} {[%emt 00:02:24]} 7. d4 {[%clk 01:22:52]}
{[%emt 00:03:08]} Bd6 {[%clk 01:27:07]} {[%emt 00:02:52]} 8. O-O {[%clk
01:22:33]} {[%emt 00:00:48]} h6 {[%clk 01:26:03]} {[%emt 00:01:35]} 9. Re1
{[%clk 01:20:17]} {[%emt 00:02:46]} O-O {[%clk 01:26:12]} {[%emt 00:00:22]} 10.
Nbd2 {[%clk 01:16:20]} {[%emt 00:04:27]} Re8 {[%clk 01:20:52]} {[%emt
00:05:50]} 11. Nf1 {[%clk 01:13:56]} {[%emt 00:02:53]} Nc6 {[%clk 01:16:22]}
{[%emt 00:05:00]} 12. c3 {[%clk 01:12:01]} {[%emt 00:02:26]} a6 {[%clk
01:15:03]} {[%emt 00:01:49]} 13. Ng3 {[%clk 01:09:06]} {[%emt 00:03:25]} Be6
{[%clk 01:13:03]} {[%emt 00:02:30]} 14. Bd3 {[%clk 01:06:49]} {[%emt 00:02:47]}
Qd7 {[%clk 01:06:48]} {[%emt 00:06:45]} 15. Bd2 {[%clk 01:00:22]} {[%emt
00:06:58]} Bg4 {[%clk 01:03:06]} {[%emt 00:04:11]} 16. Be2 {[%clk 00:55:29]}
{[%emt 00:05:22]} Re7 {[%clk 00:44:22]} {[%emt 00:19:14]} 17. Be3 {[%clk
00:52:07]} {[%emt 00:03:53]} Rae8 {[%clk 00:41:17]} {[%emt 00:03:35]} 18. Qd2
{[%clk 00:34:14]} {[%emt 00:18:23]} Bxg3 {[%clk 00:32:23]} {[%emt 00:09:25]}
19. hxg3 {[%clk 00:33:31]} {[%emt 00:01:13]} Ne4 {[%clk 00:32:37]} {[%emt
00:00:16]} 20. Qc1 {[%clk 00:19:37]} {[%emt 00:14:23]} Nxg3 {[%clk 00:29:37]}
{[%emt 00:03:31]} 21. fxg3 {[%clk 00:18:30]} {[%emt 00:01:37]} Rxe3 {[%clk
00:29:49]} {[%emt 00:00:17]} 22. Ne5 {[%clk 00:18:34]} {[%emt 00:00:26]} Nxe5
{[%clk 00:25:58]} {[%emt 00:04:22]} 23. Bxg4 {[%clk 00:15:37]} {[%emt
00:03:27]} Nxg4 {[%clk 00:22:36]} {[%emt 00:03:52]} 24. Rf1 {[%clk 00:15:08]}
{[%emt 00:00:59]} Rxg3 {[%clk 00:21:18]} {[%emt 00:01:48]} 25. Qf4 {[%clk
00:14:30]} {[%emt 00:01:07]} Rge3 {[%clk 00:18:46]} {[%emt 00:03:01]} 26. Rad1
{[%clk 00:12:02]} {[%emt 00:02:59]} R3e4 {[%clk 00:17:23]} {[%emt 00:01:55]}
27. Qf3 {[%clk 00:10:47]} {[%emt 00:01:44]} Ne3 {[%clk 00:17:16]} {[%emt
00:00:37]} 0-1